Logo Biblioteca

Técnicas de investigación en sociedad, cultura y comunicación / (Registro nro. 521)

Detalles MARC
000 -LEADER
fixed length control field 00540nam a22001697a 4500
003 - CONTROL NUMBER IDENTIFIER
control field OSt
005 - DATE AND TIME OF LATEST TRANSACTION
control field 20250613161739.0
008 - FIXED-LENGTH DATA ELEMENTS--GENERAL INFORMATION
fixed length control field 250610s1998 mx ||||| |||| 00| 0 spa d
020 ## - INTERNATIONAL STANDARD BOOK NUMBER
International Standard Book Number 9684442629
040 ## - CATALOGING SOURCE
Transcribing agency besoc
245 10 - TITLE STATEMENT
Title Técnicas de investigación en sociedad, cultura y comunicación /
Statement of responsibility, etc. Luis Jesús Galindo Cáceres
260 ## - PUBLICATION, DISTRIBUTION, ETC.
Place of publication, distribution, etc. México :
Name of publisher, distributor, etc. Addison Wesley Longman,
Date of publication, distribution, etc. 1998
300 ## - PHYSICAL DESCRIPTION
Extent 523 p.
650 #4 - SUBJECT ADDED ENTRY--TOPICAL TERM
Topical term or geographic name entry element Metodología de la investigación
General subdivision Ciencias sociales
700 1# - ADDED ENTRY--PERSONAL NAME
Personal name Galindo Cáceres, Luis Jesús
Dates associated with a name autor
942 ## - ADDED ENTRY ELEMENTS (KOHA)
Source of classification or shelving scheme Universal Decimal Classification
Koha item type Obra General
Suppress in OPAC No
Existencias
Withdrawn status Lost status Source of classification or shelving scheme Damaged status Not for loan Collection Home library Current library Date acquired Total checkouts Full call number Barcode Date last seen Price effective from Koha item type
    Universal Decimal Classification     Colección General Biblioteca Escuela de Ciencias Sociales Biblioteca Escuela de Ciencias Sociales 10/06/2025   303.1 T255 1449 10/06/2025 10/06/2025 Obra General
Biblioteca de la Escuela Preuniversitaria en Ciencias Sociales y Humanísticas.
Riobamba 250 bis.
CP 2000 - Rosario - Santa Fe
E-Mail: biblioteca@esociales.unr.edu.ar